[Event "Chiclayo Raffo Niquen IRT 1st"]
[Site "Chiclayo"]
[Date "2012.09.02"]
[Round "4"]
[White "Bancayan Maco, Jose"]
[Black "Flores Cubas, Miguel"]
[Result "1/2-1/2"]
[WhiteElo "2181"]
[BlackElo "2243"]
[PlyCount "82"]
[EventDate "2012.09.01"]
[EventType "swiss"]
[EventRounds "7"]
[EventCountry "PER"]
[SourceTitle "EXT 2013"]
[Source "ChessBase"]
[SourceDate "2012.11.22"]
[SourceVersion "1"]
[SourceVersionDate "2012.11.22"]
[SourceQuality "1"]

1. c4 e5 2. b3 Nc6 3. Bb2 Nf6 4. Nf3 e4 5. Nd4 Bc5 6. Nxc6 dxc6 7. e3 0-0 8. d4 exd3 9. Bxd3 Qe7 10. Qc2 Bb4+ 11. Nc3 Bg4 12. h3 Bh5 13. 0-0 Rad8 14. a3 Bd6 15. Ne2 Bxe2 16. Bxe2 Be5 17. Bf3 Bxb2 18. Qxb2 Rd7 19. Rad1 Rfd8 20. Rxd7 Rxd7 21. b4 Qd8 22. b5 Rd2 23. Qb4 cxb5 24. cxb5 b6 25. Qa4 Nd7 26. Qxa7 Nc5 27. Rc1 g6 28. Rc4 Ra2 29. Rd4 Qe7 30. g3 Ne6 31. Qa8+ Kg7 32. Rd3 Qf6 33. Qc6 Qb2 34. Qc3+ Qxc3 35. Rxc3 Rb2 36. Bc6 Nc5 37. h4 Kf6 38. Kg2 Ke6 39. g4 h6 40. Kg3 Rxb5 41. Bxb5 Ne4+ 1/2-1/2

[Event "Cajamarca Reg Norte op"]
[Site "Cajamarca"]
[Date "2012.04.07"]
[Round "5"]
[White "Flores Cubas, Miguel"]
[Black "Frias, Marco"]
[Result "1-0"]
[WhiteElo "2234"]
[BlackElo "1957"]
[PlyCount "95"]
[EventDate "2012.04.05"]
[EventType "swiss"]
[EventRounds "6"]
[EventCountry "PER"]
[SourceTitle "EXT 2013"]
[Source "ChessBase"]
[SourceDate "2012.11.22"]
[SourceVersion "1"]
[SourceVersionDate "2012.11.22"]
[SourceQuality "1"]

1. Nf3 Nf6 2. g3 d5 3. Bg2 e6 4. c4 Be7 5. 0-0 0-0 6. d4 b6 7. Qc2 Bb7 8. Ne5 c5 9. dxc5 bxc5 10. Nc3 Nbd7 11. Bf4 Nxe5 12. Bxe5 Qd7 13. Qb3 Ng4 14. Bf4 g5 15. Bc1 Rab8 16. cxd5 Bxd5 17. Qd1 Nf6 18. Qd2 h6 19. Rd1 Rfd8 20. Qc2 Qb7 21. Nxd5 Nxd5 22. Rb1 Qa6 23. Bxd5 exd5 24. b3 Rb6 25. Bd2 Re6 26. e3 d4 27. Qc4 Qc6 28. Ba5 Rdd6 29. exd4 cxd4 30. Qxc6 Rxc6 31. Rxd4 Rc2 32. Rd2 Rxd2 33. Bxd2 Re2 34. Be3 Rxa2 35. b4 a6 36. Bb6 Bf6 37. Kg2 Kg7 38. Kf3 Kg6 39. Ke4 h5 40. h3 h4 41. gxh4 gxh4 42. Rg1+ Kh7 43. Kf5 Be7 44. Bd4 Bxb4 45. Rg7+ Kh6 46. Rxf7 Ra5+ 47. Be5 Be1 48. Rf8 1-0

[Event "Pan American-ch U18"]
[Site "Medellin"]
[Date "2007.07.05"]
[Round "6"]
[White "Flores Cubas, Miguel"]
[Black "Calcina, Gary"]
[Result "1/2-1/2"]
[WhiteElo "2141"]
[BlackElo "2126"]
[PlyCount "108"]
[EventDate "2007.07.02"]
[EventType "swiss"]
[EventRounds "9"]
[EventCountry "COL"]
[SourceTitle "EXT 2022"]
[Source "ChessBase"]
[SourceDate "2021.10.06"]
[SourceVersion "1"]
[SourceVersionDate "2021.10.06"]
[SourceQuality "1"]

1. Nf3 c5 2. g3 d5 3. Bg2 Nf6 4. 0-0 e6 5. c4 Be7 6. d3 0-0 7. Nbd2 b6 8. e4 dxe4 9. dxe4 Bb7 10. e5 Nfd7 11. b3 Nc6 12. Bb2 Qc7 13. Qe2 Rfd8 14. Rfd1 Nf8 15. h4 Rd7 16. Ne4 Rad8 17. h5 Nb4 18. Ne1 Rxd1 19. Rxd1 Bxe4 20. Rxd8 Qxd8 21. Bxe4 Nxa2 22. f4 g6 23. g4 Nb4 24. f5 Bg5 25. Nf3 Bf4 26. hxg6 hxg6 27. Kg2 Qd7 28. Bb1 exf5 29. gxf5 gxf5 30. Nh4 Qc6+ 31. Kf1 Qh6 32. Qg2+ Qg5 33. Qxg5+ Bxg5 34. Nxf5 Nd7 35. Be4 Bf4 36. Ne7+ Kf8 37. Nc8 Bxe5 38. Bxe5 Nxe5 39. Nxa7 Ned3 40. Bf3 Na2 41. Nc8 Nac1 42. Be4 Nb2 43. Nxb6 Nxb3 44. Bd5 f5 45. Be6 f4 46. Nd5 f3 47. Bg4 Nd2+ 48. Kf2 Nd3+ 49. Kg3 f2 50. Be2 Ne4+ 51. Kf3 Nd2+ 52. Kg2 Nf4+ 53. Kxf2 Nxe2 54. Kxe2 Nxc4 1/2-1/2

[Event "Pan American-ch U18"]
[Site "Medellin"]
[Date "2007.07.03"]
[Round "3"]
[White "Flores Cubas, Miguel"]
[Black "Diaz Ordonez, Ciro"]
[Result "0-1"]
[WhiteElo "2141"]
[BlackElo "2259"]
[PlyCount "166"]
[EventDate "2007.07.02"]
[EventType "swiss"]
[EventRounds "9"]
[EventCountry "COL"]
[SourceTitle "EXT 2022"]
[Source "ChessBase"]
[SourceDate "2021.10.06"]
[SourceVersion "1"]
[SourceVersionDate "2021.10.06"]
[SourceQuality "1"]

1. e4 c5 2. Nf3 d6 3. d4 cxd4 4. Nxd4 Nf6 5. Nc3 a6 6. Be3 e5 7. Nf3 Qc7 8. a4 b6 9. Nd5 Nxd5 10. Qxd5 Nc6 11. Ng5 Rb8 12. Bc4 Nd8 13. Qd3 h6 14. Nf3 Ra8 15. Nd2 Be7 16. 0-0 0-0 17. Bd5 Rb8 18. Ra3 Ne6 19. Rc3 Qd8 20. b4 Bg5 21. Nc4 Bxe3 22. fxe3 a5 23. b5 Nc5 24. Qd2 Kh8 25. Bc6 Be6 26. Nxd6 Qc7 27. Nf5 Nxa4 28. Ra3 Nc5 29. Qf2 Rbd8 30. Qg3 Bxf5 31. exf5 f6 32. e4 Rd4 33. Qg4 Rfd8 34. Rh3 Qe7 35. Rh4 Nd7 36. Bd5 Qc5 37. Kh1 Qxb5 38. Rg1 Qc5 39. Qg6 Qf8 40. h3 Nc5 41. Qg3 b5 42. Rg4 b4 43. Qe1 Na4 44. Qa1 Nc3 45. Qxa5 Nxd5 46. exd5 R8xd5 47. Qa2 Qc8 48. Rxd4 Rxd4 49. Rf1 Rc4 50. Qb3 Rd4 51. Qa4 Qd7 52. Qa8+ Kh7 53. Kh2 Rd2 54. Qe4 Qd4 55. Qxd4 Rxd4 56. Rb1 h5 57. Ra1 h4 58. Ra7 Kh6 59. Rb7 Rf4 60. g4 Rc4 61. Kg1 g6 62. Rf7 Rc6 63. Rb7 Rxc2 64. fxg6 Kxg6 65. Rxb4 Kg5 66. Ra4 Rd2 67. Ra6 f5 68. gxf5 Kxf5 69. Rh6 Kg5 70. Rh8 Rd4 71. Kg2 Rd2+ 72. Kg1 Rd3 73. Kg2 Rg3+ 74. Kh2 e4 75. Rg8+ Kf4 76. Rf8+ Ke3 77. Rh8 Kf2 78. Rxh4 e3 79. Re4 Rf3 80. h4 e2 81. h5 e1Q 82. Rxe1 Kxe1 83. Kg2 Rf5 0-1